Joan Crawford Filmography - Statistics

General Stats
  • This quiz has been taken 98 times
    6 since last reset
  • The average score is 22 of 172
Answer Stats
Type Year Name % Correct
Film 1945 Mildred Pierce
100%
Film 1939 The Women
100%
Film 1962 What Ever Happened to Baby Jane?
100%
Film 1932 Grand Hotel
75%
TV Show 1957, 1961, 1962, 1964, 1966 What's My Line?
75%
Film 1949 Flamingo Road
50%
Film 1950 Harriet Craig
50%
Film 1946 Humoresque
50%
Film 1954 Johnny Guitar
50%
Film 1931 Possessed
50%
Film 1947 Possessed
50%
Film 1955 Queen Bee
50%
Film 1942 Reunion in France
50%
Film 1964 Strait-Jacket
50%
Film 1952 Sudden Fear
50%
Film 1970 Trog
50%
Film 1956 Autumn Leaves
25%
Film 1941 A Woman's Face
25%
Film 1925 Ben-Hur: A Tale of the Christ
25%
Film 1967 Berserk!
25%
Film 1947 Daisy Kenyon
25%
Film 1933 Dancing Lady
25%
Film 1955 Female on the Beach
25%
Documentary 1964 Four Days in November
25%
TV Documentary 1969 Garbo
25%
TV Show 1965-1969 Girl Talk
25%
Film 1951 Goodbye, My Fancy
25%
Film 1944 Hollywood Canteen
25%
Unfinished Film 1964 Hush...Hush, Sweet Charlotte
25%
Film 1965 I Saw What You Did
25%
Film 1949 It's a Great Feeling
25%
Film 1930 Montana Moon
25%
TV Show 1969 Night Gallery
25%
Film 1935 No More Ladies
25%
Film 1930 Our Blushing Brides
25%
Film 1928 Our Dancing Daughters
25%
Film 1929 Our Modern Maidens
25%
Film 1932 Rain
25%
Short Documentary 1932 Screen Snapshots
25%
Film 1940 Strange Cargo
25%
Film 1940 Susan and God
25%
Compilation Film 1985 That's Dancing!
25%
Compilation Film 1974 That's Entertainment!
25%
Compilation Film 1994 That's Entertainment! III
25%
Film 1959 The Best of Everything
25%
Film 1963 The Caretakers
25%
Film 1950 The Damned Don't Cry
25%
TV Show 1965, 1967 The Hollywood Palace
25%
Film 1929 The Hollywood Revue of 1929
25%
Film 1939 The Ice Follies of 1939
25%
Film 1967 The Karate Killers
25%
Film 1937 The Last of Mrs. Cheyney
25%
TV Show 1968 The Lucy Show
25%
TV Show 1963-1971 The Merv Griffin Show
25%
TV Show 1968 The Mike Douglas Show
25%
Film 1966 The Oscar
25%
TV Show 1968 The Secret Storm
25%
TV Show 1972 The Sixth Sense
25%
Film 1957 The Story of Esther Costello
25%
TV Show 1954, 1955 The Tonight Show
25%
TV Show 1962-1965 The Tonight Show Starring Johnny Carson
25%
Film 1952 This Woman Is Dangerous
25%
Film 1953 Torch Song
25%
Short Documentary 1925 1925 Studio Tour
0%
Film 1943 Above Suspicion
0%
Film 1928 Across to Singapore
0%
Film 1925 A Slave of Fashion
0%
Short Documentary 1953 At Home with Joan Crawford
0%
Short Documentary 1972 A Very Special Child
0%
TV Show 1957 Caesar's Hour
0%
Film 1934 Chained
0%
Film 1931 Dance, Fools, Dance
0%
Film 1964 Della
0%
TV Show 1959, 1961 Dick Powell's Zane Grey Theatre
0%
Film 1928 Dream of Love
0%
TV Documentary 1967 Easter Island
0%
Film 1934 Forsaking All Others
0%
Film 1928 Four Walls
0%
Short Documentary 2008 Gable and Crawford
0%
TV Show 1954, 1958, 1959 General Electric Theater
0%
Unfinished Film 1930 Great Day
0%
TV Documentary 1972 He Wanted to Live
0%
Short Documentary 1955 Hollywood Mothers and Fathers
0%
Short Documentary 1929 Hollywood Snapshots #11
0%
Short Film 1964 How to Plan a Movie Murder
0%
Film 1935 I Live My Life
0%
Theater 1924 Innocent Eyes
0%
TV Show 1961, 1963 I've Got a Secret
0%
TV Special 1967-1974 Jerry Lewis MDA Labor Day Telethon
0%
TV Documentary 1996 Joan Crawford: Always the Star
0%
TV Documentary 2002 Joan Crawford: The Ultimate Movie Star
0%
TV Film 1971 Journey to Murder
0%
TV Film 1969 Journey to the Unknown
0%
TV Show 1971 Journey to the Unknown
0%
Film 1925 Lady of the Night
0%
Film 1931 Laughing Sinners
0%
Film 1932 Letty Lynton
0%
TV Special 1965 'Lord Jim' Premiere
0%
Film 1936 Love on the Run
0%
Film 1937 Mannequin
0%
Short Documentary 1925 Miss MGM
0%
Film 1925 Old Clothes
0%
TV Special 1952 Olympic Telethon
0%
Film 1930 Paid
0%
Film 1926 Paris
0%
TV Show 1962 Password
0%
Documentary Series 1956 Picture Parade
0%
Film 1925 Pretty Ladies
0%
Film 1925 Proud Flesh
0%
Film 1928 Rose-Marie
0%
TV Show 1963 Route 66
0%
TV Pilot 1964 Royal Bay
0%
Film 1934 Sadie McKee
0%
Film 1925 Sally, Irene and Mary
0%
Radio Series 1951 Screen Guild Players
0%
Film 1927 Spring Fever
0%
Radio Series 1951 Stars Over Hollywood
0%
TV Show 1960 Startime
0%
TV Show 1959 Sunday Showcase
0%
Documentary 1984 Terror in the Aisles
0%
Film 1925 The Big Parade
0%
Documentary 1964 The Big Parade Comedy
0%
TV Show 1958, 1960 The Bob Hope Show
0%
Film 1926 The Boob
0%
Film 1937 The Bride Wore Red
0%
Short Film 1923 The Casting Couch
0%
TV Show 1964 The Celebrity Game
0%
Film 1925 The Circle
0%
TV Show 1955 The Colgate Comedy Hour
0%
Film 1929 The Duke Steps Out
0%
TV Show 1961 The DuPont Show of the Week
0%
Film 1926 The Exquisite Sinner
0%
TV Film 1961 The Foxes
0%
Film 1936 The Gorgeous Hussy
0%
Short Documentary 1947 The Jimmy Fund
0%
TV Film 1959 The Joan Crawford Show: Woman on the Run
0%
TV Show 1968 The Joey Bishop Show
0%
TV Show 1959 The Joseph Cotton Show
0%
Film 1928 The Law of the Range
0%
TV Show 1965 The Les Crane Show
0%
TV Show 1968 The Linkletter Show
0%
TV Show 1967 The Man from U.N.C.L.E.
0%
Unfinished Film 1930 The March of Time
0%
Film 1925 The Merry Widow
0%
Film 1925 The Midshipman
0%
Film 1925 The Only Thing
0%
Theater 1924 The Passing Show of 1924
0%
TV Show 1953 The Revlon Mirror Theater
0%
Film 1938 The Shining Hour
0%
Short Film 1931 The Stolen Jools
0%
TV Mini-Series 1970 The Sunday Night Joan Crawford Theatre
0%
Film 1927 The Taxi Dancer
0%
TV Show 1970 The Tim Conway Comedy Hour
0%
TV Show 1970 The Tim Conway Show
0%
Film 1927 The Understanding Heart
0%
Film 1927 The Unknown
0%
TV Show 1970 The Virginian
0%
Film 1942 They All Kissed the Bride
0%
Film 1931 This Modern Age
0%
Short Documentary 1967 This Was the MARY
0%
Short Documentary 1947 Through Many Windows
0%
Unfinished Film 1929 Tide of Empire
0%
Film 1933 Today We Live
0%
TV Show 1965 To Tell the Truth
0%
Film 1926 Tramp, Tramp, Tramp
0%
Film 1927 Twelve Miles Out
0%
Film 1929 Untamed
0%
Short Film 1928 Voices Across the Sea
0%
Film 1927 West Point
0%
Film 1941 When Ladies Meet
0%
Film 1927 Winners of the Wilderness
0%
Documentary 1931 Wir schalten um auf Hollywood
0%
No matching quizzes found
Score Distribution
Percent of People with Each Score
Percentile by Number Answered
Your Score History
You have not taken this quiz since the last reset